[Event "NED-ch 1987"]
[Site "Hilversum"]
[Date "1987.??.??"]
[Round "?"]
[White "Sosonko, Gennadi"]
[Black "Cardon, Helmut"]
[Result "1-0"]
[WhiteElo "2530"]
[BlackElo "2380"]
[PlyCount "61"]
[EventDate "1987.06.??"]
[Source "ChessBase"]
[SourceDate "1994.03.01"]

1. d4 Nf6 2. c4 e6 3. g3 c5 4. Nf3 cxd4 5. Nxd4 d5 6. Bg2 e5 7. Nf3 d4 8. O-O
Nc6 9. e3 Bc5 10. exd4 exd4 11. Re1+ Be6 12. Ng5 O-O 13. Nxe6 fxe6 14. Nd2 Qd6
15. Nb3 Rad8 16. a3 d3 17. Be3 Bxe3 18. Rxe3 Ne5 19. Bh3 d2 20. c5 Qc7 21. Qe2
h5 22. Bxe6+ Kh8 23. Rd1 Nfg4 24. f4 g6 25. Bxg4 Nxg4 26. Re7 Qc6 27. Rxd2 Rde8
28. h3 Rxe7 29. Qxe7 Re8 30. Rd8 Nf6 31. Nd4 1-0

[Event "NED-ch 1987"]
[Site "Hilversum"]
[Date "1987.??.??"]
[Round "?"]
[White "Sosonko, Gennadi"]
[Black "Ligterink, Gert"]
[Result "1/2-1/2"]
[WhiteElo "2530"]
[BlackElo "2470"]
[PlyCount "74"]
[EventDate "1987.06.??"]
[Source "ChessBase"]
[SourceDate "1994.03.01"]

1. d4 Nf6 2. c4 e6 3. g3 d5 4. Bg2 dxc4 5. Qa4+ Bd7 6. Qxc4 Bc6 7. Nf3 Nbd7 8.
Nc3 Nb6 9. Qd3 Bb4 10. O-O O-O 11. Bg5 h6 12. Bxf6 Qxf6 13. Ne4 Qe7 14. Rac1
Nd7 15. a3 Bd6 16. Nc3 Bxf3 17. Bxf3 c6 18. Ne4 Bc7 19. b4 Bb6 20. Rfd1 Rfd8
21. Qb3 Rab8 22. Kg2 Nf6 23. Nc5 e5 24. dxe5 Qxe5 25. Rxd8+ Bxd8 26. Rd1 Qe7
27. Qc2 Bb6 28. Qf5 Bxc5 29. bxc5 Rd8 30. Rd6 Rxd6 31. cxd6 Qxd6 32. Qc8+ Qf8
33. Qxb7 Qxa3 34. Bxc6 Qc5 35. h3 g6 36. e4 Kg7 37. e5 Qxe5 1/2-1/2

[Event "NED-ch 1987"]
[Site "Hilversum"]
[Date "1987.??.??"]
[Round "?"]
[White "Sosonko, Gennadi"]
[Black "Pieterse, Gert"]
[Result "1-0"]
[WhiteElo "2530"]
[BlackElo "2290"]
[PlyCount "89"]
[EventDate "1987.06.??"]
[Source "ChessBase"]
[SourceDate "1994.03.01"]

1. d4 d5 2. Nf3 Bf5 3. c4 e6 4. cxd5 exd5 5. Qb3 Nc6 6. Nc3 Bb4 7. Bf4 Nge7 8.
e3 O-O 9. Be2 Bd6 10. Bxd6 Qxd6 11. O-O Rfd8 12. Nb5 Qd7 13. Rfc1 a6 14. Nc3
Qd6 15. Na4 b6 16. Rc3 Na5 17. Qa3 Qxa3 18. Rxa3 Nc4 19. Rc3 Bd7 20. b3 Bxa4
21. bxc4 c6 22. Rb1 b5 23. cxb5 Bxb5 24. Bf1 f6 25. Ne1 Kf7 26. Nd3 Rdc8 27.
Nc5 Nf5 28. a4 Bxf1 29. Kxf1 Nd6 30. Rb6 a5 31. Nb7 Nc4 32. Rxc4 dxc4 33. Nd6+
Ke6 34. Nxc8 Rxc8 35. Ke2 Kd6 36. Kd2 Kc7 37. Ra6 Rb8 38. Kc3 Rb3+ 39. Kxc4 Rb2
40. Rxa5 g6 41. Ra7+ Kb6 42. Rxh7 Rxf2 43. g4 Rc2+ 44. Kd3 Ra2 45. Rf7 1-0

[Event "NED-ch 1987"]
[Site "Hilversum"]
[Date "1987.??.??"]
[Round "?"]
[White "Sosonko, Gennadi"]
[Black "Riemersma, Liafbern"]
[Result "1/2-1/2"]
[WhiteElo "2530"]
[BlackElo "2395"]
[PlyCount "132"]
[EventDate "1987.06.??"]
[Source "ChessBase"]
[SourceDate "1994.03.01"]

1. d4 Nf6 2. c4 e6 3. g3 d5 4. Bg2 dxc4 5. Qa4+ Nbd7 6. Qxc4 a6 7. Qc2 c5 8.
Nf3 b5 9. Ne5 Nd5 10. Nc3 Nb4 11. Qd1 cxd4 12. Nc6 Nxc6 13. Bxc6 Rb8 14. Qxd4
Bb7 15. Bxb7 Rxb7 16. O-O Qb6 17. Qe4 Bc5 18. Bf4 O-O 19. Qf3 Nf6 20. Rfd1 h6
21. Kg2 Rd7 22. Bxh6 Bxf2 23. Rxd7 Nxd7 24. Bxg7 Kxg7 25. Qxf2 b4 26. Qxb6 Nxb6
27. Ne4 Rc8 28. Rd1 f5 29. Rd6 Nc4 30. Rd7+ Kg6 31. Nd6 Nxd6 32. Rxd6 Kf6 33.
Kf3 Rc2 34. Rxa6 Rxb2 35. h4 b3 36. axb3 Rxb3+ 37. e3 Rb2 38. Ra1 Rc2 39. Rh1
Kg6 40. Rg1 Kh5 41. Ra1 Kg6 42. Ra4 Kf6 43. g4 fxg4+ 44. Rxg4 e5 45. Ra4 Rc3
46. Ke4 Rc6 47. h5 Kg5 48. Ra8 Rc3 49. Rh8 Ra3 50. h6 Kg6 51. h7 Kg7 52. Rg8+
Kxh7 53. Rg3 Ra5 54. Kf5 Rb5 55. e4 Ra5 56. Kf6 Rb5 57. Rg5 Ra5 58. Rxe5 Ra6+
59. Kf7 Ra7+ 60. Re7 Ra1 61. e5 Rf1+ 62. Ke6+ Kg8 63. Ra7 Re1 64. Ra2 Kf8 65.
Rf2+ Ke8 66. Kf6 Kf8 1/2-1/2

[Event "NED-ch 1987"]
[Site "Hilversum"]
[Date "1987.??.??"]
[Round "?"]
[White "Sosonko, Gennadi"]
[Black "Van der Sterren, Paul"]
[Result "1/2-1/2"]
[WhiteElo "2530"]
[BlackElo "2520"]
[PlyCount "34"]
[EventDate "1987.06.??"]
[Source "ChessBase"]
[SourceDate "1994.03.01"]

1. d4 d5 2. Nf3 Nf6 3. c4 e6 4. Nc3 Be7 5. g3 O-O 6. Bg2 dxc4 7. O-O Nbd7 8. e4
c6 9. a4 b6 10. Qe2 a5 11. Rd1 Ba6 12. Bf4 Re8 13. Nd2 Rc8 14. Nxc4 Nd5 15. Bd2
Nb4 16. Be3 Nd5 17. Bd2 Nb4 1/2-1/2

[Event "NED-ch 1987"]
[Site "Hilversum"]
[Date "1987.??.??"]
[Round "?"]
[White "Timman, Jan"]
[Black "Boersma, Paul"]
[Result "1/2-1/2"]
[WhiteElo "2590"]
[BlackElo "2415"]
[PlyCount "146"]
[EventDate "1987.06.??"]
[Source "ChessBase"]
[SourceDate "1994.03.01"]

1. e4 c6 2. d4 d5 3. Nd2 dxe4 4. Nxe4 Nf6 5. Nxf6+ exf6 6. c3 Bd6 7. Bd3 O-O 8.
Ne2 Nd7 9. O-O Qc7 10. Ng3 Rd8 11. Qh5 Nf8 12. Ne4 Be6 13. Re1 b5 14. Be3 a5
15. a4 bxa4 16. Rxa4 Bb3 17. Raa1 a4 18. Bd2 Ra5 19. Qf3 Bxh2+ 20. Kf1 Be6 21.
Nc5 Bd6 22. b4 axb3 23. Rxa5 Qxa5 24. Nb7 Qa2 25. Nxd8 Qxd2 26. Nxe6 Nxe6 27.
Qe3 Bf4 28. Qxd2 Bxd2 29. Rb1 Bxc3 30. Rxb3 Bxd4 31. Rb8+ Nf8 32. Bxh7+ Kxh7
33. Rxf8 Kg6 34. Rc8 c5 35. Rc6 Kg5 36. Rc7 Kg6 37. g4 f5 38. gxf5+ Kxf5 39.
Rxf7+ Kg6 40. Rc7 Kh7 41. Ke2 Kg6 42. Kf3 Kf5 43. Rc8 Ke5 44. Rf8 Kd5 45. Rf5+
Kc4 46. Ke4 Kc3 47. Rf7 Kd2 48. f4 Ke2 49. Ra7 Kd2 50. Ra3 Kc2 51. Rh3 Kd2 52.
f5 Kc2 53. Kd5 Kd2 54. Kc4 Ke2 55. Ra3 Kd2 56. Rb3 Ke2 57. Kd5 Kd2 58. Ke4 Kc2
59. Rh3 Kd2 60. Rh2+ Kc3 61. Rg2 Bf6 62. Kd5 Bd4 63. Re2 Kd3 64. Re6 Kc3 65.
Rg6 Kd3 66. Rg3+ Kc2 67. Kc4 Kd2 68. Rf3 Ke2 69. Rd3 Bf6 70. Rb3 Bd4 71. Kd5
Kd2 72. Ke4 Kc2 73. Rd3 Bg1 1/2-1/2

[Event "NED-ch 1987"]
[Site "Hilversum"]
[Date "1987.??.??"]
[Round "?"]
[White "Timman, Jan"]
[Black "Kuijf, Rini"]
[Result "1/2-1/2"]
[WhiteElo "2590"]
[BlackElo "2470"]
[PlyCount "122"]
[EventDate "1987.06.??"]
[Source "ChessBase"]
[SourceDate "1994.03.01"]

1. e4 e6 2. d4 d5 3. Nd2 Nf6 4. e5 Nfd7 5. Bd3 c5 6. c3 Nc6 7. Ne2 cxd4 8. cxd4
f6 9. exf6 Nxf6 10. O-O Bd6 11. Nf3 O-O 12. Bf4 Bxf4 13. Nxf4 Qd6 14. g3 e5 15.
dxe5 Nxe5 16. Nxe5 Qxe5 17. Qb3 Bd7 18. Rfe1 Qd6 19. Rad1 Bc6 20. Re6 Qc5 21.
Qc2 Qxc2 22. Bxc2 Rae8 23. Bb3 Rxe6 24. Nxe6 Re8 25. Nd4 Bd7 26. f3 Kf8 27. g4
g5 28. Kf2 Ke7 29. h4 Rg8 30. hxg5 Rxg5 31. Ke3 Kd6 32. Rh1 Re5+ 33. Kf4 Re7
34. Bc2 Rf7 35. Nf5+ Bxf5 36. Bxf5 d4 37. g5 Nd5+ 38. Ke4 d3 39. Bg4 Nf4 40. b4
Kc6 41. a4 a5 42. Rh6+ Ng6 43. Kxd3 axb4 44. Kc4 Rf4+ 45. Kb3 Kc5 46. Rxh7 Ne5
47. Rxb7 Nxg4 48. Rb5+ Kc6 49. fxg4 Rxg4 50. Rf5 Kb6 51. a5+ Ka7 52. Ka4 Kb7
53. Rf7+ Ka6 54. Rf6+ Ka7 55. g6 Kb7 56. Rf7+ Ka6 57. Rf6+ Kb7 58. Re6 Ka7 59.
Rb6 Ka8 60. Kb3 Ka7 61. Re6 Kb7 1/2-1/2

[Event "NED-ch 1987"]
[Site "Hilversum"]
[Date "1987.??.??"]
[Round "?"]
[White "Timman, Jan"]
[Black "Riemersma, Liafbern"]
[Result "1-0"]
[WhiteElo "2590"]
[BlackElo "2395"]
[PlyCount "61"]
[EventDate "1987.06.??"]
[Source "ChessBase"]
[SourceDate "1994.03.01"]

1. e4 e5 2. Nf3 Nc6 3. Bb5 a6 4. Ba4 Nf6 5. O-O Be7 6. Re1 b5 7. Bb3 O-O 8. a4
Bb7 9. d3 d6 10. Nc3 Na5 11. Ba2 b4 12. Ne2 b3 13. cxb3 Nc6 14. Bd2 a5 15. Ng3
Re8 16. Rc1 Bf8 17. b4 Nxb4 18. Bxb4 axb4 19. Ng5 Re7 20. d4 Qe8 21. dxe5 dxe5
22. Nxf7 Rxf7 23. Rxc7 Bd5 24. Bxd5 Nxd5 25. Qxd5 Rxa4 26. Re3 Ra1+ 27. Nf1 Ra6
28. Rf3 Raf6 29. Nd2 Be7 30. Ra7 Rd6 31. Ra8 1-0

[Event "NED-ch 1987"]
[Site "Hilversum"]
[Date "1987.??.??"]
[Round "?"]
[White "Van der Sterren, Paul"]
[Black "Ligterink, Gert"]
[Result "1/2-1/2"]
[WhiteElo "2520"]
[BlackElo "2470"]
[PlyCount "65"]
[EventDate "1987.06.??"]
[Source "ChessBase"]
[SourceDate "1994.03.01"]

1. d4 Nf6 2. c4 e6 3. Nf3 b6 4. g3 Bb7 5. Bg2 Be7 6. O-O O-O 7. Nc3 Ne4 8. Bd2
d5 9. Ne5 Nd7 10. Nxe4 dxe4 11. Nxd7 Qxd7 12. Bc3 Rad8 13. Qc2 f5 14. Rad1 Qe8
15. f3 Qg6 16. e3 h5 17. fxe4 Bxe4 18. Bxe4 fxe4 19. Rf4 Rxf4 20. exf4 Bf6 21.
Qe2 Qf5 22. Qe3 c5 23. Rd2 Kh7 24. Kg2 cxd4 25. Bxd4 e5 26. Bxe5 Rxd2+ 27. Qxd2
Bxe5 28. Qd5 e3 29. Qxe5 Qc2+ 30. Kh3 e2 31. Qxh5+ Kg8 32. Qe8+ Kh7 33. Qh5+
1/2-1/2

[Event "NED-ch 1987"]
[Site "Hilversum"]
[Date "1987.??.??"]
[Round "?"]
[White "Van der Sterren, Paul"]
[Black "Timman, Jan"]
[Result "0-1"]
[WhiteElo "2520"]
[BlackElo "2590"]
[PlyCount "86"]
[EventDate "1987.06.??"]
[Source "ChessBase"]
[SourceDate "1994.03.01"]

1. d4 Nf6 2. Nf3 e6 3. c4 b6 4. g3 Ba6 5. b3 b5 6. cxb5 Bxb5 7. Bg2 c5 8. O-O
Bc6 9. Ba3 Na6 10. Nbd2 Be7 11. Rc1 cxd4 12. Bxe7 Qxe7 13. Nc4 O-O 14. Qxd4 d5
15. Nfe5 Rfc8 16. Nxc6 Rxc6 17. Ne5 Rc7 18. Rxc7 Qxc7 19. Nd3 Qb6 20. Qxb6 axb6
21. Rc1 Kf8 22. a4 Ke7 23. Rc6 Nd7 24. e4 dxe4 25. Bxe4 Ra7 26. f4 Nac5 27.
Nxc5 Nxc5 28. Bc2 Rb7 29. b4 Nd7 30. Bd3 Nf6 31. Ba6 Ra7 32. Rxb6 Nd7 33. Rc6
Nb8 34. Rc8 Nxa6 35. b5 Nb4 36. b6 Rb7 37. a5 Kd7 38. Rc4 Na6 39. Kf2 Rb8 40.
Ke3 Rc8 41. Rd4+ Kc6 42. Rd1 Nc5 43. Rc1 Kb5 0-1

[Event "NED-ch 1987"]
[Site "Hilversum"]
[Date "1987.??.??"]
[Round "?"]
[White "Van der Sterren, Paul"]
[Black "Van der Wiel, John"]
[Result "1/2-1/2"]
[WhiteElo "2520"]
[BlackElo "2590"]
[PlyCount "57"]
[EventDate "1987.06.??"]
[Source "ChessBase"]
[SourceDate "1994.03.01"]

1. d4 Nf6 2. c4 d6 3. Nc3 Bf5 4. Nf3 g6 5. g3 Ne4 6. Nxe4 Bxe4 7. Bg2 Bg7 8.
O-O O-O 9. Be3 c5 10. Qd2 Qb6 11. Rad1 Nc6 12. d5 Bxf3 13. exf3 Nd4 14. Rfe1
Qa6 15. Bxd4 Bxd4 16. b3 Bf6 17. a4 Qb6 18. Qc2 Kg7 19. Re3 a6 20. Rde1 Qb4 21.
Bf1 Rfe8 22. Bd3 Rh8 23. h4 Qa5 24. f4 h5 25. Kg2 Qc7 26. f5 gxf5 27. Rf3 Rh6
28. Rxf5 Rah8 29. Rf3 1/2-1/2

[Event "NED-ch 1987"]
[Site "Hilversum"]
[Date "1987.??.??"]
[Round "?"]
[White "Van der Sterren, Paul"]
[Black "Vanheste, Jeroen"]
[Result "1-0"]
[WhiteElo "2520"]
[BlackElo "2290"]
[PlyCount "81"]
[EventDate "1987.06.??"]
[Source "ChessBase"]
[SourceDate "1994.03.01"]

1. d4 f5 2. g3 Nf6 3. Bg2 g6 4. Nf3 Bg7 5. O-O O-O 6. c4 d6 7. Nc3 Qe8 8. d5
Na6 9. Rb1 c6 10. b4 Bd7 11. a3 Rb8 12. Be3 Nc7 13. Rc1 a6 14. Qd2 Rc8 15. Bh6
Bxh6 16. Qxh6 e5 17. dxe6 Bxe6 18. Qf4 d5 19. cxd5 Ncxd5 20. Nxd5 Bxd5 21. e3
Qe7 22. Rfd1 Rfe8 23. Qd4 Rcd8 24. Qb2 Be4 25. h3 Rxd1+ 26. Rxd1 Rd8 27. Rxd8+
Qxd8 28. Qe5 Qd1+ 29. Kh2 Bxf3 30. Qxf6 Qd5 31. Bxf3 Qxf3 32. Qd8+ Kg7 33. Qd4+
Kh6 34. Kg1 Qe4 35. Qd8 Qe5 36. Kh2 Qb2 37. Qh4+ Kg7 38. Qe7+ Kh6 39. Kg2 Qxa3
40. Qf8+ Kh5 41. Kf3 1-0

[Event "NED-ch 1987"]
[Site "Hilversum"]
[Date "1987.??.??"]
[Round "?"]
[White "Van der Wiel, John"]
[Black "Boersma, Paul"]
[Result "1-0"]
[WhiteElo "2590"]
[BlackElo "2415"]
[PlyCount "77"]
[EventDate "1987.06.??"]
[Source "ChessBase"]
[SourceDate "1994.03.01"]

1. e4 c6 2. d4 d5 3. Nd2 dxe4 4. Nxe4 Nf6 5. Nxf6+ exf6 6. Bc4 Nd7 7. Ne2 Bd6
8. Bf4 Nb6 9. Bb3 a5 10. a4 O-O 11. O-O Bg4 12. Bxd6 Qxd6 13. h3 Be6 14. c3 Nd5
15. Bxd5 Bxd5 16. Qd3 Rfd8 17. c4 Be6 18. b3 g6 19. Rfd1 Qb4 20. Qf3 Rd6 21. d5
cxd5 22. cxd5 Bd7 23. Rd4 Qb6 24. Rad1 Rc8 25. Ng3 f5 26. Nf1 Rc1 27. Qf4 Rxd1
28. Rxd1 Qc5 29. Ne3 Rb6 30. Qb8+ Kg7 31. Qd8 Rd6 32. Qe7 b5 33. axb5 Bxb5 34.
Kh2 h5 35. Rd2 f4 36. Rc2 Qb6 37. Nc4 Bxc4 38. bxc4 Qc5 39. Re2 1-0

[Event "NED-ch 1987"]
[Site "Hilversum"]
[Date "1987.??.??"]
[Round "?"]
[White "Van der Wiel, John"]
[Black "Ree, Hans"]
[Result "1-0"]
[WhiteElo "2590"]
[BlackElo "2440"]
[PlyCount "51"]
[EventDate "1987.06.??"]
[Source "ChessBase"]
[SourceDate "1994.03.01"]

1. e4 e5 2. Nf3 Nc6 3. d4 exd4 4. Nxd4 Bc5 5. Nb3 Bb6 6. a4 Qf6 7. Qe2 a6 8. a5
Ba7 9. Nc3 Nge7 10. Nd5 Nxd5 11. exd5+ Ne7 12. h4 d6 13. Ra4 O-O 14. Rf4 Bf5
15. g4 Rae8 16. gxf5 Nxd5 17. Re4 Bxf2+ 18. Kd1 Ne3+ 19. Bxe3 Rxe4 20. Qxf2
Qxb2 21. Bd3 Ra4 22. Rg1 f6 23. Qg2 Rf7 24. Qxb7 Ra1+ 25. Kd2 Rxg1 26. Qa8+ 1-0

[Event "NED-ch 1987"]
[Site "Hilversum"]
[Date "1987.??.??"]
[Round "?"]
[White "Vanheste, Jeroen"]
[Black "Cardon, Helmut"]
[Result "1/2-1/2"]
[WhiteElo "2290"]
[BlackElo "2380"]
[PlyCount "95"]
[EventDate "1987.06.??"]
[Source "ChessBase"]
[SourceDate "1994.03.01"]

1. d4 Nf6 2. c4 e6 3. g3 c5 4. d5 exd5 5. cxd5 d6 6. Bg2 g6 7. Nf3 Bg7 8. O-O
O-O 9. Nc3 a6 10. a4 Nbd7 11. Bf4 Qe7 12. h3 Rb8 13. e4 h6 14. Re1 Nh5 15. Be3
b5 16. axb5 axb5 17. Ra7 b4 18. Na4 Rb7 19. Rxb7 Bxb7 20. e5 Nxe5 21. Nxe5 Bxe5
22. g4 Ng7 23. f4 Bf6 24. Bxc5 Qxe1+ 25. Qxe1 dxc5 26. Kh2 Rd8 27. Nxc5 Bxd5
28. Qxb4 Bxg2 29. Kxg2 Be7 30. Qa5 Rd5 31. Qa8+ Rd8 32. Qa5 Rd5 33. b4 Ne6 34.
Qa8+ Rd8 35. Qa7 Bxc5 36. bxc5 Nxf4+ 37. Kg3 Ne6 38. c6 Rd3+ 39. Kf2 Rxh3 40.
c7 Nxc7 41. Qxc7 h5 42. Qd8+ Kg7 43. Qd4+ Kg8 44. g5 Ra3 45. Qb6 Ra4 46. Kf3
Rg4 47. Qb5 Kg7 48. Qe5+ 1/2-1/2

[Event "NED-ch 1987"]
[Site "Hilversum"]
[Date "1987.??.??"]
[Round "?"]
[White "Vanheste, Jeroen"]
[Black "Sosonko, Gennadi"]
[Result "0-1"]
[WhiteElo "2290"]
[BlackElo "2530"]
[PlyCount "72"]
[EventDate "1987.06.??"]
[Source "ChessBase"]
[SourceDate "1994.03.01"]

1. d4 d5 2. c4 e6 3. Nf3 Nf6 4. g3 dxc4 5. Bg2 Nc6 6. Qa4 Nd7 7. Qxc4 Nb6 8.
Qd3 e5 9. O-O exd4 10. Bg5 f6 11. Bf4 Bd6 12. Bxd6 Qxd6 13. Rd1 Be6 14. Na3
O-O-O 15. Nb5 Qe7 16. Nfxd4 Nxd4 17. Nxd4 Bd5 18. e4 Bf7 19. Qc3 Kb8 20. a4 c5
21. Nf5 Qe5 22. a5 Nc4 23. a6 b6 24. f4 Qxc3 25. bxc3 g6 26. Ne7 Kc7 27. e5 Ne3
28. Rxd8 Rxd8 29. Nc6 Ra8 30. Bh1 Bd5 31. Ne7 Bxh1 32. Kxh1 fxe5 33. Re1 exf4
34. gxf4 Nc4 35. Nd5+ Kc6 36. Nf6 Kb5 0-1

[Event "NED-ch 1987"]
[Site "Hilversum"]
[Date "1987.??.??"]
[Round "?"]
[White "Vanheste, Jeroen"]
[Black "Timman, Jan"]
[Result "0-1"]
[WhiteElo "2290"]
[BlackElo "2590"]
[PlyCount "102"]
[EventDate "1987.06.??"]
[Source "ChessBase"]
[SourceDate "1994.03.01"]

1. d4 e6 2. c4 Nf6 3. g3 c5 4. d5 exd5 5. cxd5 b5 6. Bg2 d6 7. Nf3 Be7 8. Nfd2
O-O 9. a4 b4 10. Nc4 Ba6 11. Nbd2 Nbd7 12. b3 Nb6 13. Ne3 Bb7 14. Ndc4 Nxc4 15.
Nxc4 Ba6 16. Qc2 Nd7 17. Ne3 Bf6 18. Bb2 Bxb2 19. Qxb2 Qf6 20. Qxf6 Nxf6 21.
Nf5 Rfe8 22. Bf3 Rad8 23. Rc1 Re5 24. Ne3 Rde8 25. O-O Ne4 26. Bxe4 Rxe4 27.
Rfe1 Rd4 28. Kf1 Rd2 29. Rc2 Rxe3 30. Rxd2 Rxb3 31. Kg1 Kf8 32. e4 Rd3 33. Rb2
Bc4 34. f4 a5 35. Kf2 Ra3 36. e5 Ke7 37. Rc1 Bd3 38. Rd2 Bf5 39. h3 h5 40. g4
hxg4 41. hxg4 Bxg4 42. Rdc2 Rxa4 43. exd6+ Kxd6 44. Rxc5 Bd7 45. Rc7 b3 46. Rb7
Rxf4+ 47. Ke3 Rh4 48. Rcc7 Bb5 49. Rc1 Rb4 50. Kd2 b2 51. Rb1 a4 0-1